| 000 | 01854nam a2200229Ia 4500 | ||
|---|---|---|---|
| 003 | Ost | ||
| 005 | 20260507075802.0 | ||
| 008 | 260507s9999||||xx |||||||||||||| ||und|| | ||
| 020 | _a9789931265160 | ||
| 040 | _cfsecg | ||
| 041 | _aara | ||
| 082 | _a658.834 | ||
| 100 |
_aلحول، سامية _eمؤلف |
||
| 245 | 0 |
_aسلوك المستهلك : _bالفهم، التأثير، الأخلاقيات وحماية الحقوق / _c سامية لحول |
|
| 260 |
_aالجزائر : _bدار قانة للنشر والتوزيع , _c2023 |
||
| 300 |
_a351 صفحة؛ _bإيضاحات ؛ _c24 سم |
||
| 504 | _aبيبليوغرافيا: ص ص346-351 | ||
| 520 | _aيضم فهم سلوك المستهلك، أساسيات سلوك المستهلك، قوة التعلم وتغيير قواعد اللعبة التنافسية في السوق، الأدراك وتكوين الصورة الذهنية، مشكلة الأستهلاك وبداية صنع القرار الشرائي، نظريات الدوافع، الشخصية والصور الذاتية، السلوك الشرائي، ما بعد السلوك الشرائي، الاستراتيجيات التسويقية المؤثرة في اختيار القيمة للمستهلك، السياسات التسويقية المؤثرة في تسليم القيمة للمسهلك، السياسات التسويقية المؤثرة في اتصال القيمة للمستهلك، المؤثرات الخارجية وتعديل سلوك المستهلك، أخلاقيات التسويق وحماية حقوق المستهلك، الأخلاقيات الطبية وحماية حقوق المستهلك المريض من خلال الإلتزام بضوابط الشريعة الاسلامية . | ||
| 653 | _aالمستهلكون | ||
| 653 | _aسلوك المستهلك | ||
| 942 | _cكتاب | ||
| 999 |
_c46294 _d46294 |
||